00655nam a2200253Ia 450000500170000000800460001702000180006303700100008104000080009104000080009904000080010704100080011504100080012308400080013110000100013924500350014926000310018426000090021565000150022485600400023994200100027999900210028995200910031020260306164130.0008 260114s9999 xx 000 0 eng d a9781400842308 aEBOOK aCRL beng cCRL 2eng aeng qCRL aFoley 0aWhen Is True Belief Knowledge? bPrinceton University Press c2017 aPhilosophy uhttps://academic.oup.com/book/20375 cEBOOK c1712877d1712877 00104070aCRLbCRLd2026-03-06l0pCL2005398r2026-03-06 16:41:30w2026-03-06yEBOOK